Normal view
MARC view
- ابن خلدون، ابو زيد عبدالرحمن بن محمد، 732 - 808.
Entry Personal Name
001 - CONTROL NUMBER
- control field: 23038
003 - CONTROL NUMBER IDENTIFIER
- control field: JO-AjAnu
005 - DATE AND TIME OF LATEST TRANSACTION
- control field: 20230606073951.0
008 - FIXED-LENGTH DATA ELEMENTS
- fixed length control field: 230606|| aca||aabn | a|a d
040 ## - CATALOGING SOURCE
- Original cataloging agency: JO-AjAnu
- Transcribing agency: JO-AjAnu
100 ## - HEADING--PERSONAL NAME
- Personal name: ابن خلدون، ابو زيد عبدالرحمن بن محمد، 732 - 808.
670 ## - SOURCE DATA FOUND
- Source citation: Work cat.: (JO-AjAnu)11840: ابن خلدون، ابو زيد عبدالرحمن بن محمد، 732 - 808., author, مقدمة ابن خلدون، الجزء الأول